Razvitije sotrudničestva Vostok-Zapad v 90-je gody. Točka zrenija promyšlennikov.
Problémy so vstupom západného kapitálu na východné trhy v oblasti legislatívy a štruktúry ekonomických inštitúcií a absencie infraštruktúry trhovej ekonomiky. Orientácia a hlavné smery strategickej pomoci východným krajinám. Potreba mobilizácie zdrojov ES a západných súkromných firiem.
Salvato in:
| Autore principale: | |
|---|---|
| Natura: | Capitolo di libro |
| Lingua: | russo |
| Soggetti: | |
| Tags: |
Nessun Tag, puoi essere il primo ad aggiungerne!!
|
MARC
| LEADER | 00000naa a2200000 4500 | ||
|---|---|---|---|
| 001 | r007243 | ||
| 005 | 20221125081610.8 | ||
| 041 | 0 | |a rus | |
| 044 | |a [CS] | ||
| 245 | 1 | 0 | |a Razvitije sotrudničestva Vostok-Zapad v 90-je gody. |b Točka zrenija promyšlennikov. |c U. An'jelli |
| 520 | |a Problémy so vstupom západného kapitálu na východné trhy v oblasti legislatívy a štruktúry ekonomických inštitúcií a absencie infraštruktúry trhovej ekonomiky. Orientácia a hlavné smery strategickej pomoci východným krajinám. Potreba mobilizácie zdrojov ES a západných súkromných firiem. | ||
| 610 | 2 | 0 | |a spolupráca hospodárska medzinárodná |
| 610 | 2 | 0 | |a východná Európa |
| 610 | 2 | 0 | |a západná Európa |
| 610 | 2 | 0 | |a Európske spoločenstvá |
| 610 | 2 | 0 | |a 1990-1991 |
| 610 | 2 | 0 | |a investície zahraničné |
| 610 | 2 | 0 | |a pomoc hospodárska |
| 610 | 2 | 0 | |a zákonodarstvo |
| 100 | 1 | |a An'jelli, U. | |